Models in planning : an introduction and the use of quantitative models in planning

Bibliographic Details
Main Author: Lee, Colin
Format: Book
Published: Oxford : Pergaman Press , 1973
Subjects:

MARC

LEADER 00000cam a2200000 7i4500
001 0000007814
005 20220509.0
020 |a 008017020x 
040 |a INS 
090 0 0 |a HT166   |b L44 1973 
100 1 |a Lee, Colin 
245 1 0 |a Models in planning :   |b an introduction and the use of quantitative models in planning   |c C. Lee 
260 |a Oxford :   |b Pergaman Press ,   |c 1973 
300 |a 142p. ;   |c 21 cm. 
650 0 |a Cities and towns   |x Planning   |x Mathematical models 
650 0 0 |a City planning   |x Mathematical models 
999 |a 0000024112   |b BOOK   |c Open Shelf   |e Default branch